Feleletkísérlet Kocziszky Éva ellenvetésére
Elmentve itt :
| Szerző: | |
|---|---|
| Adatforrás: | Philobibl |
| Forrásdokumentuma: | Nappali ház 4 1992/3., 100. p. |
| Dokumentumtípus: | Cikk |
| Nyelv: | magyar |
| LEADER | 00302nab a2200097 c 4500 | ||
|---|---|---|---|
| 001 | bibDOK00004098 | ||
| 005 | 20200924120018.9 | ||
| 008 | 060518s1992 xx hun | ||
| 100 | 1 | |a Vidrányi Katalin | |
| 245 | 1 | 0 | |a Feleletkísérlet Kocziszky Éva ellenvetésére |c Vidrányi Katalin |
| 773 | 0 | |t Nappali ház 4 |g 1992/3., 100. p. | |